000 00729nam a2200229Ii 4500
003 JO-AjNU
008 230605s9999||||xx |||||||||||||| ||und||
017 _a2001/11890
020 _a977-01-7372-X
040 _aJO-AjNU
_bara
_erda
_cJO-AjNU
041 _aara
050 1 4 _aN6490.B376 2001
100 3 _aالبسيوني،محمود تأليف,
_eauthor
_97802
245 0 0 _aالفن في القرن العشرين
264 3 1 _aالشارقة:مركز الشارقة،2001
300 _a397ص
336 _atext
_btxt
_2rdacontent
337 _aunmediated
_bn
_2rdamedia
338 _avolume
_bnc
_2rdacarrier
490 0 _aسلسلة الاعمال الفكرية
650 4 _aالفن - تاريخ - القرن 20
_97803
999 _aA464
_c4032
_d4032